[Event "TCh-FRA Top 12 2011"]
[Site "Mulhouse FRA"]
[Date "2011.05.29"]
[Round "4.7"]
[White "Nezar, Mustapha"]
[Black "Delorme, Axel"]
[Result "1/2-1/2"]
[WhiteTitle "IM"]
[BlackTitle "IM"]
[WhiteElo "2405"]
[BlackElo "2456"]
[WhiteTeam "Vandoeuvre-Echecs"]
[BlackTeam "Clichy-Echecs-92"]
[WhiteFideId "608637"]
[BlackFideId "632023"]
[EventDate "2011.05.26"]

1. d4 d5 2. c4 e6 3. Nc3 Nf6 4. cxd5 Nxd5 5. Nf3 c5 6. e3 Nc6 7. a3 Nxc3 8. bxc3
g6 9. a4 Bg7 10. Ba3 b6 11. Bb5 Qc7 12. O-O a6 13. Be2 Na5 14. Nd2 O-O 15. Nb3
Nxb3 16. Qxb3 Bd7 17. a5 Rfb8 18. Bf3 Bc6 19. Bxc6 Qxc6 20. Qc4 Bf8 21. axb6 1/2-1/2

[Event "TCh-FRA Top 12 2011"]
[Site "Mulhouse FRA"]
[Date "2011.05.29"]
[Round "4.8"]
[White "Skripchenko, Almira"]
[Black "Steil-Antoni, Fiona"]
[Result "1-0"]
[WhiteTitle "IM"]
[BlackTitle "WIM"]
[WhiteElo "2462"]
[BlackElo "2093"]
[WhiteTeam "Clichy-Echecs-92"]
[BlackTeam "Vandoeuvre-Echecs"]
[WhiteFideId "13900145"]
[BlackFideId "4001249"]
[EventDate "2011.05.26"]

1. e4 e6 2. d4 d5 3. Nd2 dxe4 4. Nxe4 Bd7 5. Nf3 Bc6 6. Bd3 Nd7 7. O-O Ngf6 8.
Ned2 Be7 9. Nc4 Bd5 10. Ne3 Bxf3 11. Qxf3 c6 12. b3 O-O 13. Bb2 Qa5 14. a3 Rfd8
15. h3 Nf8 16. Nc4 Qd5 17. Qg3 Ng6 18. f4 Ne4 19. Qe1 Nf6 20. f5 exf5 21. Rxf5
Qd7 22. Ne5 Qc7 23. b4 Bd6 24. Bc4 Re8 25. Qg3 Re7 26. Raf1 Nd5 27. Qf2 Rf8 28.
Ng4 Bg3 29. Qd2 Bf4 30. Qd3 Qd6 31. b5 Ne3 32. Nxe3 Bxe3+ 33. Kh1 Nf4 34. Qb3
cxb5 35. Bxb5 g6 36. Re5 Rxe5 37. dxe5 Qb6 38. Rd1 Nh5 39. g4 Ng7 40. a4 Rd8 41.
Rxd8+ Qxd8 42. Qxe3 Qd1+ 43. Kg2 Qxc2+ 44. Qe2 Qc5 1-0

[Event "TCh-FRA Top 12 2011"]
[Site "Mulhouse FRA"]
[Date "2011.05.29"]
[Round "4.7"]
[White "Moussard, Jules"]
[Black "Cartier, Nicolas"]
[Result "1-0"]
[WhiteTitle "IM"]
[WhiteElo "2422"]
[BlackElo "2085"]
[WhiteTeam "Evry Grand Roque"]
[BlackTeam "Echiquier Guingampais"]
[WhiteFideId "642908"]
[BlackFideId "619922"]
[EventDate "2011.05.26"]

1. g3 Nf6 2. Bg2 g6 3. e4 d6 4. d3 Bg7 5. f4 Nc6 6. Nf3 e5 7. O-O O-O 8. f5 d5
9. fxg6 fxg6 10. exd5 Qxd5 11. Nc3 Qc5+ 12. Kh1 Nd4 13. Be3 Ng4 14. Bg1 c6 15.
Qd2 Bd7 16. Rae1 Rae8 17. Ng5 Rxf1 18. Rxf1 Rf8 19. Nce4 Qe7 20. Rxf8+ Qxf8 21.
c3 Ne6 22. Nxe6 Bxe6 23. Bxa7 Qa8 24. Bg1 Qxa2 25. Qg5 Bf5 26. Qd8+ Bf8 27. h3
Bxe4 28. Bxe4 Nh6 29. b4 Qe6 30. Kh2 Nf7 31. Qa8 Ng5 32. Bg2 Qf7 33. Bc5 Kg7 34.
Bxf8+ 1-0

[Event "TCh-FRA Top 12 2011"]
[Site "Mulhouse FRA"]
[Date "2011.05.30"]
[Round "5"]
[White "Renet, Olivier"]
[Black "Riazantsev, Alexander"]
[Result "1/2-1/2"]
[WhiteTitle "GM"]
[BlackTitle "GM"]
[WhiteElo "2497"]
[BlackElo "2679"]
[WhiteTeam "C.E. de Rueil Malmaison"]
[BlackTeam "Club d'Echecs Metz Fischer"]
[WhiteFideId "600040"]
[BlackFideId "4125029"]
[EventDate "2011.05.26"]

1. e4 c6 2. d4 d5 3. Nc3 dxe4 4. Nxe4 Bf5 5. Ng3 Bg6 6. h4 h6 7. Nf3 Nd7 8. Bd3
Bxd3 9. Qxd3 e6 10. Bf4 Ngf6 11. O-O-O Be7 12. Kb1 Qa5 13. Qe2 O-O 14. Ne5 Rfd8
15. Rd3 Nxe5 16. Bxe5 Nd7 17. Bf4 Nf6 18. Be5 1/2-1/2

[Event "TCh-FRA Top 12 2011"]
[Site "Mulhouse FRA"]
[Date "2011.05.30"]
[Round "5"]
[White "Battaglini, Gabriel"]
[Black "Svetushkin, Dmitry"]
[Result "0-1"]
[WhiteTitle "IM"]
[BlackTitle "GM"]
[WhiteElo "2412"]
[BlackElo "2561"]
[WhiteTeam "C.E. de Rueil Malmaison"]
[BlackTeam "Club d'Echecs Metz Fischer"]
[WhiteFideId "621650"]
[BlackFideId "13900463"]
[EventDate "2011.05.26"]

1. d4 Nf6 2. c4 e6 3. Nc3 Bb4 4. g3 O-O 5. Bg2 d5 6. Nf3 dxc4 7. O-O Nc6 8. a3
Be7 9. e4 Na5 10. Qe2 c6 11. Bf4 b5 12. Rad1 Bb7 13. Ne5 a6 14. g4 Nb3 15. Nxc6
Bxc6 16. d5 Bb7 17. d6 Ne8 18. dxe7 Qxe7 19. a4 Bc6 20. g5 Nc5 21. Qh5 e5 22.
Bg3 Nd3 23. Kh1 Nd6 24. Rd2 Rae8 25. Rfd1 b4 26. Nd5 Bxd5 27. exd5 Nf4 28. Qg4
f5 29. gxf6 Qxf6 30. Bf1 Ne4 31. Rc2 h5 32. Qf3 Ng5 33. Qe3 Nd3 34. Bxd3 cxd3
35. Qxd3 Nf3 36. Rc6 Qg5 37. d6 h4 38. d7 Rd8 39. Qd5+ Kh8 40. Rd3 Qg4 41. Rxf3
Qxf3+ 42. Qxf3 Rxf3 43. Kg2 Rf6 44. Bxh4 Rxc6 45. Bxd8 Rd6 46. Be7 Rxd7 47. Bxb4
e4 48. Bc3 Rd3 49. Be5 Kg8 50. b4 Rb3 51. b5 axb5 52. axb5 Kf7 53. Bd4 Rxb5 54.
Kg3 Rf5 55. Be3 Ke6 56. Kg2 Rf3 57. Bd4 Rf5 58. Be3 Rf6 59. Bd4 Rg6+ 60. Kf1 Kf5
61. h3 Kf4 62. Ke2 Rg2 63. Be3+ Kf5 64. h4 Rg4 65. Bd4 g6 66. Bb6 Rxh4 67. Bc7
Rh3 68. Bd6 Rf3 69. Bc7 Kg4 70. Bd6 Kh3 71. Be5 Kg2 72. Bd4 g5 73. Bb6 Rb3 74.
Bd4 g4 0-1

[Event "TCh-FRA Top 12 2011"]
[Site "Mulhouse FRA"]
[Date "2011.05.30"]
[Round "5"]
[White "Hisler, Thomas"]
[Black "Gouanelle, Franck"]
[Result "1-0"]
[WhiteElo "2262"]
[BlackElo "2157"]
[WhiteTeam "Club d'Echecs Metz Fischer"]
[BlackTeam "C.E. de Rueil Malmaison"]
[WhiteFideId "617997"]
[BlackFideId "627542"]
[EventDate "2011.05.26"]

1. e4 c5 2. Nc3 a6 3. g3 b5 4. Bg2 Bb7 5. d3 e6 6. f4 Nf6 7. Nf3 b4 8. Ne2 d5 9.
e5 Nfd7 10. O-O Nc6 11. Be3 a5 12. h3 h5 13. Bf2 Ba6 14. Re1 Rc8 15. f5 Be7 16.
Nf4 Nf8 17. h4 exf5 18. Nd2 Ne6 19. Nxd5 Nb8 20. Nc4 Bxc4 21. dxc4 Bf8 22. a3
Nd7 23. Qf3 g6 24. axb4 cxb4 25. Rad1 Be7 26. Nb6 Rc7 27. Rxd7 Rxd7 28. Qc6 Qc7
29. Qb5 Bc5 30. Nxd7 Bxf2+ 31. Kxf2 Ke7 32. Nb6 Qa7 33. Rd1 Rd8 34. Rxd8 Kxd8
35. Kf1 Ke7 36. Nd5+ Kf8 37. Qb6 1-0

[Event "TCh-FRA Top 12 2011"]
[Site "Mulhouse FRA"]
[Date "2011.05.30"]
[Round "5"]
[White "Wilson, Alexandra"]
[Black "Collas, Silvia"]
[Result "0-1"]
[WhiteTitle "WFM"]
[BlackTitle "IM"]
[WhiteElo "2021"]
[BlackElo "2315"]
[WhiteTeam "C.E. de Rueil Malmaison"]
[BlackTeam "Club d'Echecs Metz Fischer"]
[WhiteFideId "411000"]
[BlackFideId "2902265"]
[EventDate "2011.05.26"]

1. e4 c5 2. Nc3 e6 3. f4 Nc6 4. Nf3 Nge7 5. Be2 d5 6. d3 b6 7. O-O d4 8. Nb1 g6
9. Qe1 f5 10. Nbd2 Bg7 11. Nc4 O-O 12. Bd1 Qc7 13. exf5 exf5 14. Ng5 Rf6 15. Ne5
h6 16. Nxc6 Nxc6 17. Nf3 Re6 18. Qh4 Ba6 19. Ne5 Nxe5 20. fxe5 g5 21. Qh5 Rxe5
22. h4 f4 23. hxg5 hxg5 24. c3 dxc3 25. Bb3+ c4 26. dxc4 Qc5+ 27. Kh1 g4 0-1

[Event "TCh-FRA Top 12 2011"]
[Site "Mulhouse FRA"]
[Date "2011.05.30"]
[Round "5"]
[White "Hamdouchi, Hicham"]
[Black "San Emeterio Cabanes, Jose L."]
[Result "1-0"]
[WhiteTitle "GM"]
[BlackTitle "FM"]
[WhiteElo "2593"]
[BlackElo "2398"]
[WhiteTeam "Clichy-Echecs-92"]
[BlackTeam "Lutece Echecs"]
[WhiteFideId "9000011"]
[BlackFideId "2223120"]
[EventDate "2011.05.26"]

1. e4 c5 2. Nf3 Nc6 3. d4 cxd4 4. Nxd4 Nf6 5. Nc3 e5 6. Ndb5 d6 7. Bg5 a6 8. Na3
Be6 9. Nc4 Rc8 10. Bd3 Be7 11. O-O O-O 12. Ne3 Ng4 13. Bxe7 Nxe3 14. Qe2 Nxe7
15. Qxe3 Qa5 16. Rfd1 Qb4 17. a3 Qxb2 18. Ne2 Ba2 19. c4 b5 20. cxb5 axb5 21.
Qb6 Bc4 22. Qxd6 Rfd8 23. Qxe7 Rxd3 24. Ng3 Qd4 25. Rf1 Rxg3 26. hxg3 Bxf1 27.
Qb7 Rd8 28. Rxf1 Qa4 29. Qe7 Qd4 30. Rb1 h6 31. Kh2 Rb8 32. f3 Qd3 33. Qxe5 Qxb1
34. Qxb8+ Kh7 35. Qf8 Qb3 36. g4 Kg6 37. Qb4 Qd3 38. Qc5 f6 39. Kg3 Qe2 40. Qc3
Kh7 41. Qb4 Kg6 42. Kh3 Kf7 43. Qc5 Qf1 44. Kh2 Qe2 45. Qh5+ Kf8 46. Qf5 Kf7 47.
Kh3 Qf1 48. Qh5+ Kg8 49. Qd5+ Kh7 50. Qd2 Qa1 51. Qe3 Qb2 52. f4 b4 53. axb4
Qxb4 54. e5 fxe5 55. fxe5 Kg6 56. Qf3 Qb1 57. g3 h5 58. gxh5+ Kh6 59. Kg4 Qe1
60. Qf4+ Kh7 1-0

[Event "TCh-FRA Top 12 2011"]
[Site "Mulhouse FRA"]
[Date "2011.05.30"]
[Round "5"]
[White "Shoker, Samy"]
[Black "Maze, Sebastien"]
[Result "0-1"]
[WhiteTitle "IM"]
[BlackTitle "GM"]
[WhiteElo "2466"]
[BlackElo "2571"]
[WhiteTeam "Lutece Echecs"]
[BlackTeam "Clichy-Echecs-92"]
[WhiteFideId "627143"]
[BlackFideId "613762"]
[EventDate "2011.05.26"]

1. Nf3 Nf6 2. g3 d5 3. Bg2 g6 4. c4 Bg7 5. Qa4+ c6 6. cxd5 Nxd5 7. Nc3 O-O 8.
O-O e5 9. Qh4 Qxh4 10. Nxh4 Be6 11. Nf3 h6 12. Rd1 Rd8 13. d4 Nb4 14. Be3 Nc2
15. dxe5 Nd7 16. Rac1 Nxe3 17. fxe3 Nxe5 18. Nd4 Re8 19. b3 Ng4 20. Nxe6 Rxe6
21. Bh3 h5 22. Bxg4 hxg4 23. Rd3 Rae8 24. Nd1 f5 25. h3 gxh3 26. Kh2 R8e7 27.
Kxh3 Be5 28. Rd8+ Kf7 29. Rc4 g5 30. Kg2 Bc7 31. Rd3 g4 32. a4 Bb6 33. Rf4 Kg6
34. e4 Rxe4 35. Rxe4 Rxe4 36. e3 Kf6 37. Kf2 Ke7 38. Nc3 Re6 39. Ke2 Bc7 40. Kf2
Rd6 41. Rd4 Bb6 42. Rf4 Rd3 0-1

[Event "TCh-FRA Top 12 2011"]
[Site "Mulhouse FRA"]
[Date "2011.05.30"]
[Round "5"]
[White "Lamorelle, Yves"]
[Black "Skripchenko, Almira"]
[Result "1/2-1/2"]
[WhiteTitle "FM"]
[BlackTitle "IM"]
[WhiteElo "2209"]
[BlackElo "2462"]
[WhiteTeam "Lutece Echecs"]
[BlackTeam "Clichy-Echecs-92"]
[WhiteFideId "601810"]
[BlackFideId "13900145"]
[EventDate "2011.05.26"]

1. e4 d6 2. d4 Nf6 3. Nc3 g6 4. Nf3 Bg7 5. Be2 O-O 6. O-O a6 7. a4 b6 8. Re1 Bb7
9. Bf1 e6 10. Bf4 h6 11. Qd3 Nc6 12. Rad1 Nh5 13. Be3 Nb4 14. Qd2 g5 15. h4 f5
16. exf5 Bxf3 17. gxf3 exf5 18. Qe2 d5 19. hxg5 hxg5 20. Bc1 Rf7 21. Bh3 Qf6 22.
a5 b5 23. Bg2 Rd8 24. Qd2 Nf4 25. Ne2 Nxe2+ 26. Rxe2 Na2 27. Qxg5 Nxc1 28. Qxc1
Bh6 29. f4 Qh4 30. Qe3 Rg7 31. Rd3 Bxf4 32. Qh3 Qg5 33. Kf1 Rd6 34. Qh1 c6 35.
Rh3 Kf7 36. Rh5 Qg6 37. Bf3 Re6 38. Rh4 Qg5 39. Rh5 Qg6 40. Rh4 Qg5 41. Rxe6
Kxe6 42. Rh5 Qf6 43. c3 Rg6 44. Qh3 Rh6 45. Rxh6 Qxh6 46. Qxh6+ 1/2-1/2

[Event "TCh-FRA Top 12 2011"]
[Site "Mulhouse FRA"]
[Date "2011.05.30"]
[Round "5"]
[White "Brunner, Nicolas"]
[Black "Bricard, Emmanuel"]
[Result "0-1"]
[WhiteTitle "IM"]
[BlackTitle "GM"]
[WhiteElo "2450"]
[BlackElo "2492"]
[WhiteTeam "Vandoeuvre-Echecs"]
[BlackTeam "Mulhouse Philidor"]
[WhiteFideId "620246"]
[BlackFideId "600245"]
[EventDate "2011.05.26"]

1. d4 e6 2. c4 f5 3. g3 Nf6 4. Bg2 Be7 5. Nf3 d5 6. O-O c6 7. b3 b6 8. Ba3 Bb7
9. Bxe7 Qxe7 10. Nbd2 Nbd7 11. Qc2 Ne4 12. e3 O-O 13. Qb2 c5 14. Rac1 a5 15. a4
Rac8 16. Rfd1 g5 17. Ne1 f4 18. Nxe4 dxe4 19. exf4 gxf4 20. gxf4 Rxf4 21. Rc3
Qf6 22. dxc5 Nxc5 23. Rg3+ Kf7 24. Qe2 Ke7 25. Qh5 h6 26. Rg6 Rh4 27. Rxf6 Rxh5
28. Rg6 Rg5 29. Rxh6 Rcg8 30. Rh7+ Kf6 31. Kf1 Ba6 32. Ra7 R5g7 33. Rxa6 Nxa6
34. Rd6 Nc5 35. Bh3 Rh7 36. Bg2 Rb8 37. h3 Ke5 38. Rc6 Nxb3 39. Nc2 Rd7 40. Ke1
Rd2 41. Ne3 Ra2 42. Ng4+ Kf4 43. Rc7 Ra1+ 44. Ke2 Nd4+ 45. Kd2 Rd8 46. Nf6 Ra2+
47. Ke1 Nc2+ 48. Ke2 Ne3+ 0-1

[Event "TCh-FRA Top 12 2011"]
[Site "Mulhouse FRA"]
[Date "2011.05.30"]
[Round "5"]
[White "Sokolov, Andrei1"]
[Black "Genzling, Alain"]
[Result "1-0"]
[WhiteTitle "GM"]
[BlackTitle "FM"]
[WhiteElo "2573"]
[BlackElo "2395"]
[WhiteTeam "Mulhouse Philidor"]
[BlackTeam "Vandoeuvre-Echecs"]
[WhiteFideId "627089"]
[BlackFideId "632708"]
[EventDate "2011.05.26"]

1. e4 c5 2. Nf3 g6 3. d4 cxd4 4. Nxd4 Nc6 5. c4 Nf6 6. Nc3 Nxd4 7. Qxd4 d6 8.
Bg5 Bg7 9. Qd2 O-O 10. Bd3 a5 11. O-O a4 12. b4 axb3 13. axb3 Be6 14. Rxa8 Qxa8
15. Nb5 Bd7 16. Qb4 Rc8 17. e5 dxe5 18. Qxe7 Bxb5 19. cxb5 Re8 20. Qc7 Nd5 21.
Qd6 Nc3 22. Bc4 Qc8 23. b6 Ne4 24. Bxf7+ Kxf7 25. Qd5+ Re6 26. Qxe4 Rxb6 27. Rc1
Rc6 28. Rd1 Bf6 29. Be3 Qe6 30. h3 Qxb3 31. Rb1 Qe6 32. Rxb7+ Kg8 33. Bh6 Rc8
34. Kh2 Re8 35. Rc7 Qb3 36. Qc6 Qe6 37. Qb7 Be7 38. Qe4 Bf8 39. Be3 Re7 40. Rc6
Qf7 41. Rc8 Re8 42. Rxe8 Qxe8 43. Bd4 Bg7 44. f4 Kf7 45. Bxe5 Bxe5 46. fxe5 Qe7
47. Qd5+ Kg7 48. Kg3 Qg5+ 49. Kf3 Qc1 50. Qd7+ Kf8 51. Qd8+ Kf7 52. Qf6+ Kg8 53.
Kg3 Qc3+ 54. Kh2 Qc7 55. h4 Qd7 56. e6 Qd6+ 57. Kh3 Qd3+ 58. g3 h5 59. Qf7+ Kh8
60. Qe8+ Kg7 61. Qd7+ 1-0

[Event "TCh-FRA Top 12 2011"]
[Site "Mulhouse FRA"]
[Date "2011.05.30"]
[Round "5"]
[White "Nezar, Mustapha"]
[Black "Riff, Jean-Noel"]
[Result "1/2-1/2"]
[WhiteTitle "IM"]
[BlackTitle "IM"]
[WhiteElo "2405"]
[BlackElo "2502"]
[WhiteTeam "Vandoeuvre-Echecs"]
[BlackTeam "Mulhouse Philidor"]
[WhiteFideId "608637"]
[BlackFideId "611190"]
[EventDate "2011.05.26"]

1. e4 c5 2. Nf3 d6 3. d4 cxd4 4. Nxd4 Nf6 5. Nc3 e6 6. Be3 Be7 7. f3 O-O 8. Qd2
e5 9. Nb3 Be6 10. O-O-O a5 11. Bb5 Na6 12. Kb1 Nc7 13. Bb6 Qc8 14. Bxc7 Qxc7 15.
g4 Rfc8 16. h4 Nd7 17. Nc1 Nb6 18. Rh2 Bf8 19. Qe3 a4 20. a3 Ra5 21. Bd3 d5 22.
exd5 Nxd5 23. Nxd5 Bxd5 24. Bxh7+ Kxh7 25. Rxd5 Rxd5 26. Qe4+ Kg8 27. Qxd5 Rd8
28. Qe4 Rd1 29. Qe2 Rg1 30. Rg2 Rh1 31. Rh2 Rg1 32. Rg2 Rh1 33. Rh2 1/2-1/2

[Event "TCh-FRA Top 12 2011"]
[Site "Mulhouse FRA"]
[Date "2011.05.30"]
[Round "5"]
[White "Wirig, Anthony"]
[Black "Philippe, Christophe"]
[Result "1-0"]
[WhiteTitle "IM"]
[BlackTitle "IM"]
[WhiteElo "2514"]
[BlackElo "2422"]
[WhiteTeam "Mulhouse Philidor"]
[BlackTeam "Vandoeuvre-Echecs"]
[WhiteFideId "615013"]
[BlackFideId "610038"]
[EventDate "2011.05.26"]

1. d4 f5 2. g3 Nf6 3. Bg2 g6 4. Nf3 Bg7 5. O-O O-O 6. Nbd2 e6 7. Re1 Ne4 8. Nxe4
fxe4 9. Ng5 d5 10. f3 Nc6 11. c3 h6 12. Nh3 e5 13. dxe5 exf3 14. exf3 Nxe5 15.
Bxh6 Bxh6 16. Rxe5 c6 17. Nf2 Bf5 18. Qb3 Bg7 19. Re2 Qb6 20. Rae1 Bf6 21. f4
Bd7 22. h4 Qxb3 23. axb3 Rae8 24. Ng4 Bxc3 25. bxc3 Rxe2 26. Nh6+ Kg7 27. Rxe2
Kxh6 28. Re7 Bg4 29. Kf2 Rd8 30. Rxb7 d4 31. cxd4 Rxd4 32. Bxc6 Rd2+ 33. Ke3 Rc2
34. Bd5 a5 35. Bg8 Re2+ 36. Kd3 g5 37. hxg5+ Kg6 1-0

[Event "TCh-FRA Top 12 2011"]
[Site "Mulhouse FRA"]
[Date "2011.05.30"]
[Round "5"]
[White "Congiu, Mathilde"]
[Black "Choisy, Mathilde"]
[Result "0-1"]
[WhiteTitle "WIM"]
[BlackTitle "WFM"]
[WhiteElo "2237"]
[BlackElo "2207"]
[WhiteTeam "Vandoeuvre-Echecs"]
[BlackTeam "Mulhouse Philidor"]
[WhiteFideId "634581"]
[BlackFideId "634565"]
[EventDate "2011.05.26"]

1. e4 c5 2. d4 cxd4 3. c3 Nf6 4. e5 Nd5 5. Nf3 Nc6 6. Bc4 e6 7. cxd4 d6 8. O-O
Be7 9. Qe2 O-O 10. Nc3 Nxc3 11. bxc3 dxe5 12. dxe5 Qa5 13. Qe4 Rd8 14. Rb1 Qxc3
15. Rb3 Qa5 16. Rd3 Rxd3 17. Bxd3 g6 18. Rd1 Bd7 19. h4 Rd8 20. h5 Qd5 21. Qe2
Be8 22. Rd2 Qc5 23. Bb2 Nb4 24. Bc4 Rxd2 25. Nxd2 b5 26. Bb3 Bc6 27. a3 Nd5 28.
hxg6 hxg6 29. Qg4 Ne3 30. Qg3 Nf5 31. Qd3 Bh4 32. Qe2 Nd4 33. Bxd4 Qxd4 34. Nf1
Qe4 35. Qxe4 Bxe4 36. Nd2 Bc6 37. Nb1 Be7 38. Bc2 Kf8 39. f4 Bc5+ 40. Kf1 Ke7
41. g3 Kd7 42. Ke2 a5 43. Kd3 a4 44. g4 Bf3 45. g5 Bd5 46. Ke2 Kc6 47. Kd2 Bg2
48. Nc3 Bxa3 49. Bd3 b4 50. Nxa4 Bd5 51. Kc2 b3+ 52. Kd2 Bb4+ 53. Ke2 Ba3 54.
Kd2 Bb4+ 55. Ke2 Ba5 56. Ke3 Bb6+ 57. Ke2 Bd4 58. Kd2 Kb7 59. Nc3 Bxc3+ 60. Kxc3
Kb6 61. Kb4 b2 62. Bb1 Bf3 63. Kc3 Kc5 64. Bc2 Bg4 65. Kxb2 Kd4 66. Ba4 Ke4 67.
Be8 Kxf4 68. Bxf7 Bf5 69. Kc3 Kxe5 70. Kd2 Kf4 71. Ke2 e5 72. Bc4 Kxg5 73. Kf3
Kh4 74. Kg2 Kg4 75. Be2+ Kf4 76. Kf2 g5 77. Bf1 g4 78. Be2 g3+ 79. Kg1 Be4 80.
Bd1 Bf3 81. Bb3 0-1

[Event "TCh-FRA Top 12 2011"]
[Site "Mulhouse FRA"]
[Date "2011.05.30"]
[Round "5"]
[White "Cornette, Matthieu"]
[Black "Delchev, Aleksander"]
[Result "1/2-1/2"]
[WhiteTitle "GM"]
[BlackTitle "GM"]
[WhiteElo "2562"]
[BlackElo "2619"]
[WhiteTeam "Echiquier Guingampais"]
[BlackTeam "Marseille Echecs"]
[WhiteFideId "620084"]
[BlackFideId "2900394"]
[EventDate "2011.05.26"]

1. d4 Nf6 2. c4 g6 3. g3 c6 4. Bg2 d5 5. cxd5 cxd5 6. Nc3 Bg7 7. Nf3 O-O 8. Ne5
Bf5 9. Bf4 Ne4 10. Rc1 Nc6 11. O-O Rc8 12. a3 Nxe5 13. dxe5 Nxc3 14. Rxc3 Rxc3
15. bxc3 e6 16. Qd4 1/2-1/2

[Event "TCh-FRA Top 12 2011"]
[Site "Mulhouse FRA"]
[Date "2011.05.30"]
[Round "5"]
[White "Istratescu, Andrei"]
[Black "Terrieux, Kevin"]
[Result "1-0"]
[WhiteTitle "GM"]
[BlackTitle "IM"]
[WhiteElo "2623"]
[BlackElo "2434"]
[WhiteTeam "Marseille Echecs"]
[BlackTeam "Echiquier Guingampais"]
[WhiteFideId "1200372"]
[BlackFideId "622591"]
[EventDate "2011.05.26"]

1. e4 c5 2. Nf3 Nc6 3. d4 cxd4 4. Nxd4 Nf6 5. Nc3 e5 6. Ndb5 d6 7. Bg5 a6 8. Na3
b5 9. Nd5 Be7 10. Bxf6 Bxf6 11. c4 b4 12. Nc2 a5 13. g3 O-O 14. h4 Be6 15. Bh3
Bxd5 16. cxd5 Nb8 17. O-O Na6 18. Ne1 Nc5 19. Qf3 Qb8 20. Nd3 Nxd3 21. Qxd3 Bd8
22. Rac1 Bb6 23. Rc6 Bd4 24. Qd2 a4 25. Rfc1 a3 26. b3 Bc3 27. Qg5 Ra7 28. h5 h6
29. Qe3 Rb7 30. Kg2 Qd8 31. Qe2 Qe7 32. Bc8 Rc7 33. Bf5 Ra7 34. Qg4 Rd8 35. Kh3
Kf8 36. f4 Kg8 37. Qh4 Qxh4+ 38. Kxh4 Re7 39. Kg4 Kf8 40. Kf3 Ree8 41. Ke2 Re7
42. Kd3 Rb7 43. Bc8 Rb8 44. Bg4 Rb7 45. Bc8 Rb8 46. Bh3 Rb7 47. Ke2 Ke8 48. Kf3
Re7 49. Rb6 Kf8 50. Bf5 Ke8 51. Ke2 Kf8 52. Kd3 Ke8 53. Rc2 Kf8 54. Kc4 Rc7+ 55.
Kb5 Ke7 56. Rc6 Rb7+ 57. Kc4 Kf8 58. Kd3 Re7 59. Ke2 Ke8 60. Kf3 Kf8 61. Bh3 Ke8
62. Bf1 Kf8 63. Rb6 Ke8 64. Bb5+ Kf8 65. Ba4 Kg8 66. Bb5 Kf8 67. Bd3 Ke8 68. Rc1
Kf8 69. Bf1 Ke8 70. Bh3 Kf8 71. Bf5 Ke8 72. Ke2 Kf8 73. Kd3 Ke8 74. Kc4 Rc7+ 75.
Rc6 Rb7 76. Bc8 Rb8 77. Ba6 Rd7 78. Bb5 Kd8 79. Ra6 Rc7+ 80. Bc6 Re7 81. f5 Bd4
82. f6 gxf6 83. Rf1 Ra7 84. Rxa7 Bxa7 85. Rxf6 Ke7 86. Rxh6 Bc5 87. Rh7 Rg8 88.
h6 Kf6 89. Bd7 Rb8 90. Bf5 Be3 91. Kd3 Bc1 92. Ke2 Rf8 93. Kf2 Bd2 94. Kf3 Kg5
95. Ke2 Bc1 96. Kd3 Kf6 97. Kc4 Rb8 98. Bg4 Kg6 99. Rg7+ Kxh6 100. Rxf7 Kg5 101.
Bf5 Rb6 102. Kd3 Bb2 103. Rg7+ Kf6 104. Rg6+ Kf7 105. g4 Bc1 106. g5 Bf4 107.
Kc4 Bc1 108. Rf6+ Kg7 109. Re6 Kh8 110. g6 Bg5 111. Re8+ Kg7 112. Ra8 Rb7 113.
Ra6 Be7 114. Ra4 Bg5 115. Rxb4 1-0

[Event "TCh-FRA Top 12 2011"]
[Site "Mulhouse FRA"]
[Date "2011.05.30"]
[Round "5"]
[White "Collas, Didier"]
[Black "Bodenez, Vincent"]
[Result "1-0"]
[WhiteTitle "IM"]
[WhiteElo "2381"]
[BlackElo "2199"]
[WhiteTeam "Marseille Echecs"]
[BlackTeam "Echiquier Guingampais"]
[WhiteFideId "602680"]
[BlackFideId "624462"]
[EventDate "2011.05.26"]

1. d4 d5 2. Nf3 Nf6 3. Bf4 c5 4. e3 Nc6 5. c3 Qb6 6. Qb3 c4 7. Qc2 g6 8. Nbd2
Bf5 9. Qc1 Bg7 10. b3 cxb3 11. axb3 O-O 12. Be2 Nh5 13. O-O f6 14. b4 a6 15. Bg3
Nxg3 16. hxg3 e5 17. Nb3 Rfe8 18. Qa3 Rad8 19. Nc5 Bf8 20. Ra2 Kg7 21. Rfa1 Bd7
22. Qb2 Na7 23. Bxa6 Bc6 24. Bxb7 Bxb7 25. Rxa7 Re7 26. dxe5 1-0

[Event "TCh-FRA Top 12 2011"]
[Site "Mulhouse FRA"]
[Date "2011.05.30"]
[Round "5"]
[White "Cartier, Nicolas"]
[Black "Delorme, Laurie"]
[Result "0-1"]
[BlackTitle "WIM"]
[WhiteElo "2085"]
[BlackElo "2204"]
[WhiteTeam "Echiquier Guingampais"]
[BlackTeam "Marseille Echecs"]
[WhiteFideId "619922"]
[BlackFideId "630829"]
[EventDate "2011.05.26"]

1. e4 e5 2. Nf3 Nc6 3. Nc3 Nf6 4. Bb5 Bd6 5. a3 Nd4 6. Bc4 O-O 7. d3 h6 8. g4
Nxg4 9. Be3 Nxe3 10. fxe3 Nxf3+ 11. Qxf3 Qh4+ 12. Kd2 Be7 13. Raf1 d6 14. Bxf7+
Kh8 15. Qg3 Bh3 16. Rf3 Qxg3 17. Rxg3 Rxf7 18. Rxh3 Rf2+ 19. Ne2 Raf8 20. Rg3
Bh4 21. Rh3 Bg5 22. Kd1 R8f3 23. Rxf3 Rxf3 24. Nc3 c6 25. h4 Bxe3 26. Ke2 Rg3
27. Nd1 Bb6 28. Rh2 Kg8 29. Rh1 Rg2+ 30. Ke1 0-1

[Event "TCh-FRA Top 12 2011"]
[Site "Mulhouse FRA"]
[Date "2011.05.30"]
[Round "5"]
[White "Chauvet, Vincent"]
[Black "Le Diouron, Aurelie"]
[Result "1-0"]
[WhiteElo "2068"]
[BlackElo "1981"]
[WhiteTeam "Marseille Echecs"]
[BlackTeam "Echiquier Guingampais"]
[WhiteFideId "20646682"]
[BlackFideId "637432"]
[EventDate "2011.05.26"]

1. d4 d5 2. c4 e5 3. dxe5 d4 4. Nf3 Nc6 5. g3 Nge7 6. Bg2 Ng6 7. O-O Ngxe5 8.
Nbd2 Be7 9. a3 a5 10. b3 O-O 11. Bb2 Bg4 12. h3 Bh5 13. g4 Bg6 14. Nxe5 Nxe5 15.
f4 d3 16. e4 Bc5+ 17. Kh1 Nxg4 18. Qxg4 h5 19. Qg3 h4 20. Qg4 1-0

[Event "TCh-FRA Top 12 2011"]
[Site "Mulhouse FRA"]
[Date "2011.05.30"]
[Round "5"]
[White "Fedorchuk, Sergey A."]
[Black "Kallai, Gabor"]
[Result "1-0"]
[WhiteTitle "GM"]
[BlackTitle "GM"]
[WhiteElo "2654"]
[BlackElo "2460"]
[WhiteTeam "Evry Grand Roque"]
[BlackTeam "C.E. Strasbourg"]
[WhiteFideId "14102536"]
[BlackFideId "700282"]
[EventDate "2011.05.26"]

1. e4 c6 2. d4 d5 3. Nd2 dxe4 4. Nxe4 Nd7 5. Ng5 Ngf6 6. Bd3 g6 7. N1f3 Bg7 8.
Qe2 O-O 9. Ne5 h6 10. Ngf3 c5 11. Bc4 Nxe5 12. dxe5 Nd5 13. h3 Be6 14. O-O Qc7
15. c3 Rad8 16. Re1 a6 17. a4 Bf5 18. Nh4 Be6 19. f4 Qd7 20. Rf1 Kh7 21. a5 Nc7
22. Be3 Bxc4 23. Qxc4 Ne6 24. f5 Qd3 25. Qxd3 Rxd3 26. Rae1 gxf5 27. Nxf5 Rd5
28. Nxe7 Rxe5 29. Nf5 c4 30. Bb6 Rb5 31. Re2 Be5 32. Ne3 Nf4 33. Rd2 Rc8 34. Ng4
f6 35. Nxf6+ Bxf6 36. Rxf4 Bg5 37. Rd7+ Kg6 38. Rd6+ Kh5 39. Rf3 Rxb2 40. Bf2
Rxf2 41. Kxf2 Rc5 42. g4+ Kh4 43. Rf5 1-0